[Event "Challenge"]
[Site "http://www.queenalice.com/game.php?id=1638196"]
[Date "2020.12.30"]
[Round "-"]
[White "zatara123"]
[Black "jamesxirb"]
[Result "1-0"]
[WhiteElo "1276"]
[BlackElo "1299"]

1. e4 e5 2. Qf3 d6 3. Nc3 Be6 4. Nd5 c6 5. Nc3 Qc8 6. Nh3 b5 7. Ng5 f6 8. Nxe6
Qxe6 9. h4 b4 10. Ne2 g6 11. Qd3 Bh6 12. c3 b3 13. axb3 Nd7 14. g3 Rb8 15. Rxa7
Rxb3 16. Ra8+ Rb8 17. Ra6 Nc5 18. Qc2 Nxa6 19. Qa4 Rb6 20. Bh3 Qf7 21. Qa5 Qb7
22. b4 Rb5 23. Qa2 Qb6 24. Qe6+ Ne7 25. Qxf6 Bg7 26. Qxg7 Rf8 27. Rh2 Rf7 28.
Qh8+ Ng8 29. Qxg8+ Ke7 30. d3 c5 31. Bg5+ Rf6 32. Qg7+ Ke8 33. Qxf6 Nc7 34. Qe7#
1-0

[Event "Challenge"]
[Site "http://www.queenalice.com/game.php?id=1638305"]
[Date "2020.12.31"]
[Round "-"]
[White "zatara123"]
[Black "peaceman"]
[Result "1-0"]
[WhiteElo "1281"]
[BlackElo "1115"]

1. e4 e5 2. Qh5 g6 3. Qxe5+ Ne7 4. Qxh8 d5 5. d3 Nbc6 6. Qxh7 Qd6 7. Bg5 Qb4+ 8.
Nd2 Qxb2 9. Rb1 Qc3 10. Rc1 Nb4 11. Ne2 Qb2 12. Bxe7 Nxc2+ 13. Kd1 Kxe7 14. Rxc2
Qb6 15. Qh4+ Qf6 16. Qg3 Qb6 17. Rxc7+ Kd8 18. Rxf7 Qb2 19. Rxf8+ Ke7 20. Qf4
Qa1+ 21. Nc1 Qg7 22. Rxc8 Rxc8 23. h4 Rf8 24. Qc7+ Kf6 25. Qd6+ Kf7 26. Qxd5+
Ke8 27. h5 Rxf2 28. hxg6 Qxg6 29. Rh8+ Rf8 30. Qe5+ Kf7 31. Qf4+ Kg7 32. Qxf8#
1-0

[Event "Challenge"]
[Site "http://www.queenalice.com/game.php?id=1641722"]
[Date "2021.1.28"]
[Round "-"]
[White "zatara123"]
[Black "jamesxirb"]
[Result "1-0"]
[WhiteElo "1345"]
[BlackElo "1286"]

1. e4 e5 2. Bc4 Qe7 3. Qf3 Nf6 4. d3 a6 5. Bg5 h6 6. Bd2 b5 7. Bd5 c6 8. Bb3 h5
9. h4 Bb7 10. c4 b4 11. Nh3 a5 12. a4 Qd6 13. Ng5 Qc5 14. Be3 Qe7 15. O-O c5 16.
Nd2 Ba6 17. Bc2 Ng4 18. g3 Nxe3 19. Qxe3 f6 20. Ngf3 g6 21. b3 d6 22. Nh2 Bh6
23. f4 Nc6 24. Rf3 Nd4 25. Raf1 Nxc2 26. Qe2 Nd4 27. Qe3 Nxf3+ 28. Qxf3 Qe6 29.
Kg2 Bc8 30. f5 Bxd2 31. fxe6 Rf8 32. Qd1 Bxe6 33. Qxd2 Ke7 34. Qh6 Bf7 35. g4
hxg4 36. Nxg4 Rh8 37. Qg7 Rxh4 38. Qxf6+ Kf8 39. Qxh4 Kg7 40. Qf6+ Kf8 41. Qh8+
Ke7 42. Qxa8 Be6 43. Qa7+ Bd7 44. Nf6 Kf7 45. Qxd7+ Kf8 46. Nh7+ Kg8 47. Rf8#
1-0

[Event "Challenge"]
[Site "http://www.queenalice.com/game.php?id=1641739"]
[Date "2021.1.28"]
[Round "-"]
[White "zatara123"]
[Black "magalhaes_br"]
[Result "0-1"]
[WhiteElo "1302"]
[BlackElo "1591"]

1. e4 c6 2. Bc4 d5 3. exd5 cxd5 4. Bf1 Nf6 5. Nf3 Nc6 6. Ng5 g6 7. d3 Bg7 8. c4
O-O 9. Qf3 Bg4 10. Qg3 h6 11. h3 Bh5 12. Nf3 Qb8 13. Qh4 Ne5 14. Bf4 Nxd3+ 15.
Kd2 Qxf4+ 16. Kxd3 Qxh4 17. Nxh4 Nd7 18. Kc2 Rac8 19. Nc3 dxc4 20. Nd5 Rfe8 21.
Re1 e6 22. Nb4 a5 23. a3 axb4 24. axb4 Nb8 25. Nf3 g5 26. Re4 Bg6 0-1

[Event "Challenge"]
[Site "http://www.queenalice.com/game.php?id=1642511"]
[Date "2021.2.4"]
[Round "-"]
[White "zatara123"]
[Black "jamdeg00"]
[Result "1-0"]
[WhiteElo "1283"]
[BlackElo "1100"]

1. e4 e5 2. Bc4 Nh6 3. Qf3 f6 4. d3 Bc5 5. Qg3 Rf8 6. Qxg7 Qe7 7. Qxh6 f5 8. Bg5
Qf7 9. Bxf7+ Rxf7 10. Bf6 d5 11. exd5 Nd7 12. Bh4 a5 13. Nf3 Ra6 14. Qh5 Nf6 15.
Qh6 Nxd5 16. Qg5 Nf4 17. Qg8+ Rf8 18. Bg3 Rxg8 19. Nc3 Nxg2+ 20. Ke2 Rg7 21.
Rhg1 Nf4+ 22. Bxf4 Re7 23. Nd5 exf4+ 24. Nxe7 Bxe7 25. Rg7 Re6+ 26. Kd2 b6 27.
Rag1 Kd7 28. Nd4 Kd8 29. Nxe6+ Kd7 30. Nf8+ Kc6 31. Rxe7 b5 32. Rgg7 b4 33.
Rxc7+ 1-0

[Event "Challenge"]
[Site "http://www.queenalice.com/game.php?id=1642512"]
[Date "2021.2.4"]
[Round "-"]
[White "zatara123"]
[Black "LuizFerreira"]
[Result "0-1"]
[WhiteElo "1293"]
[BlackElo "1405"]

1. e4 Nf6 2. Bc4 e6 3. Qf3 g6 4. Nh3 b6 5. Ng5 h6 6. Nh3 Bb7 7. b3 Nxe4 8. Bb2
Rh7 9. d3 Nd6 10. Bf6 Be7 11. Bxe7 Qxe7 12. Na3 Bxf3 13. gxf3 Qf6 14. Ke2 Qe5+
15. Kd2 Qb2 16. Nb5 Kd8 17. Rab1 Qe5 18. Rbe1 Qh5 19. Ng1 Nf5 20. Re5 Nc6 21.
Re2 a6 22. Na3 b5 23. Bxb5 axb5 24. Nxb5 Rb8 25. c4 Nb4 26. h3 Nxa2 27. Na7 Ra8
28. Nb5 Rb8 29. Re5 f6 30. Rc5 c6 31. Nc3 Qh4 32. Rh2 Qg5+ 33. Kc2 Qc1# 0-1

[Event "Challenge"]
[Site "http://www.queenalice.com/game.php?id=1642996"]
[Date "2021.2.9"]
[Round "-"]
[White "zatara123"]
[Black "jamesxirb"]
[Result "1-0"]
[WhiteElo "1290"]
[BlackElo "1303"]

1. e4 e5 2. Bc4 c5 3. Qf3 Nf6 4. g4 Nc6 5. Nh3 g6 6. Ng5 Be7 7. Nxf7 Qc7 8. Nxh8
Nd4 9. Qd3 b5 10. Bxb5 a6 11. Bc4 Nxg4 12. c3 Bh4 13. Rf1 Nxh2 14. Rh1 Bxf2+ 15.
Kxf2 Ng4+ 16. Kg3 h5 17. Nxg6 d6 18. Rxh5 Bb7 19. cxd4 Qh7 20. Rxh7 O-O-O 21.
Kxg4 d5 22. Ne7+ Kb8 23. Nxd5 Rg8+ 24. Kf3 Rf8+ 25. Ke3 exd4+ 26. Ke2 Bc8 27.
Qg3+ Ka8 28. Qg7 d3+ 29. Kxd3 Re8 30. Qa7# 1-0

[Event "Challenge"]
[Site "http://www.queenalice.com/game.php?id=1643281"]
[Date "2021.2.11"]
[Round "-"]
[White "magalhaes_br"]
[Black "zatara123"]
[Result "1-0"]
[WhiteElo "1547"]
[BlackElo "1286"]

1. e4 e5 2. c3 Bc5 3. d4 Bf8 4. Nf3 exd4 5. cxd4 Bb4+ 6. Nc3 Nc6 7. Bc4 Qe7 8.
Qd3 Na5 9. Bb5 c6 10. Ba4 b5 11. Bc2 d6 12. a3 Bxc3+ 13. Qxc3 Qc7 14. b4 Nb7 15.
d5 Nd8 16. Qxg7 Qb6 17. Be3 Qc7 18. Qxh8 Kf8 19. Bd4 f6 20. Bxf6 Qf7 21. Bxd8
Bg4 22. Bd1 Rxd8 23. Ng5 Qf4 24. Nxh7+ Kf7 25. Qc3 1-0

[Event "Challenge"]
[Site "http://www.queenalice.com/game.php?id=1646125"]
[Date "2021.3.9"]
[Round "-"]
[White "zatara123"]
[Black "milan15fc"]
[Result "1-0"]
[WhiteElo "1307"]
[BlackElo "1660"]

1. e4 e5 2. Nc3 d6 3. b4 c6 4. Nf3 Nf6 5. Ng5 Qd7 6. Bc4 d5 7. exd5 cxd5 8. Bb5
Qxb5 9. Nxb5 Na6 10. c3 Bd7 11. Qe2 Ng4 12. h3 Nf6 13. Qxe5+ Be7 14. O-O Bxb5
15. Re1 Ng8 16. Qxd5 Bc6 17. Qxf7+ Kd7 18. Qxg7 Re8 19. Qxh8 Bxg5 20. Rxe8 Kxe8
21. Qxg8+ Kd7 22. Qxg5 b5 23. Ba3 Kc7 24. Re1 Kb6 25. d4 Nc7 26. Qg8 Bd5 27.
Qxh7 Bxa2 28. Re7 a5 29. bxa5+ Kxa5 30. Rxc7 Ka4 31. Qe7 Bc4 32. Qb4# 1-0

[Event "Challenge"]
[Site "http://www.queenalice.com/game.php?id=1647607"]
[Date "2021.3.24"]
[Round "-"]
[White "zatara123"]
[Black "jamdeg00"]
[Result "1-0"]
[WhiteElo "1337"]
[BlackElo "1135"]

1. e4 e5 2. Bd3 Nc6 3. Nf3 f6 4. c3 g5 5. Qb3 Nh6 6. Bc4 Na5 7. Qb5 Nxc4 8. Qxc4
c6 9. h3 b5 10. Qd3 Bc5 11. O-O O-O 12. b4 Bb6 13. Ba3 a5 14. bxa5 Bxa5 15. Bxf8
Qxf8 16. a3 Ba6 17. Qxd7 Nf7 18. Qxc6 b4 19. axb4 Bxf1 20. Kxf1 Rc8 21. Qxf6 Bd8
22. Qe6 Bc7 23. Nxg5 Kh8 24. Nxf7+ Kg7 25. Ng5 Bb6 26. Qxb6 Rd8 27. Ra7+ Kg8 28.
Qb7 h6 29. Qh7# 1-0

[Event "Challenge"]
[Site "http://www.queenalice.com/game.php?id=1650355"]
[Date "2021.4.21"]
[Round "-"]
[White "zatara123"]
[Black "peaceman"]
[Result "0-1"]
[WhiteElo "1326"]
[BlackElo "1130"]

1. e4 e5 2. d3 Bb4+ 3. c3 Bd6 4. Na3 a6 5. Nf3 Nf6 6. Bg5 h6 7. Be3 O-O 8. g3
Ng4 9. h3 Nxe3 10. Qe2 Nxf1 11. Rxf1 b5 12. Rc1 Qf6 13. b4 Nc6 14. Nh4 Bb7 15.
Nf5 Qg5 16. Rb1 g6 17. Ne3 h5 18. g4 h4 0-1

[Event "Challenge"]
[Site "http://www.queenalice.com/game.php?id=1729867"]
[Date "2021.4.27"]
[Round "-"]
[White "milan15fc"]
[Black "zatara123"]
[Result "1-0"]
[WhiteElo "1629"]
[BlackElo "1330"]

1. e3 e5 2. Qh5 Nh6 3. Qxe5+ Qe7 4. Qxc7 Na6 5. Qc4 d6 6. Qd5 Nb4 7. Qb5+ Nc6 8.
Nc3 a6 9. Qb6 Nf5 10. Nd5 Qe5 11. Nc7+ Kd7 12. Nxa8 d5 13. d4 Ncxd4 14. Bd3 h5
15. Nf3 Nxf3+ 16. gxf3 d4 17. f4 1-0

[Event "Challenge"]
[Site "http://www.queenalice.com/game.php?id=1729890"]
[Date "2021.4.27"]
[Round "-"]
[White "zatara123"]
[Black "milan15fc"]
[Result "0-1"]
[WhiteElo "1334"]
[BlackElo "1625"]

1. e4 e5 2. Qh5 d6 3. Bb5+ Bd7 4. Bc4 g6 5. Qf3 Qe7 6. d3 b5 7. Bg5 Qxg5 8.
Qxf7+ Kd8 9. Qxf8+ Be8 10. Qg7 Qf6 11. Qh6 Nxh6 12. Bd5 Nc6 13. Nc3 Rb8 14. Nf3
Nb4 15. Bb3 a5 16. O-O a4 17. a3 Na6 18. Bd5 g5 0-1

[Event "Challenge"]
[Site "http://www.queenalice.com/game.php?id=1729899"]
[Date "2021.4.27"]
[Round "-"]
[White "milan15fc"]
[Black "zatara123"]
[Result "1-0"]
[WhiteElo "1620"]
[BlackElo "1339"]

1. Na3 e5 2. Nf3 d6 3. e3 Nf6 4. d4 Bg4 5. dxe5 dxe5 6. Qxd8+ Kxd8 7. Ng5 Ke7 8.
Nb5 h6 9. Nxc7 hxg5 10. Nxa8 Kd8 11. Bd3 Bb4+ 12. c3 Bc5 13. h3 Be6 14. b4 Bd6
15. a3 Bd5 16. f3 g4 17. e4 gxh3 18. Rxh3 Rg8 19. exd5 1-0